[Event "GRE-chT2 48th"]
[Site "Thessaloniki"]
[Date "2021.10.09"]
[Round "6.1"]
[White "Fakhiridou, Ekaterini"]
[Black "Peycheva, Gergana"]
[Result "0-1"]
[WhiteElo "2165"]
[BlackElo "2316"]
[PlyCount "92"]
[EventDate "2021.10.05"]
[EventType "team-swiss"]
[EventRounds "7"]
[EventCountry "GRE"]
[SourceTitle "CBM 204 Extra"]
[Source "ChessBase"]
[SourceDate "2021.11.30"]
[SourceVersion "1"]
[SourceVersionDate "2021.11.30"]
[SourceQuality "1"]
[WhiteTeam "Kavalas"]
[BlackTeam "Alexandroupolis Ethnikos"]
[WhiteTeamCountry "GRE"]
[BlackTeamCountry "GRE"]

1. e4 c6 2. d4 d5 3. e5 Bf5 4. Ne2 e6 5. Ng3 Bg6 6. h4 h5 7. Be2 c5 8. c3 Nc6 9. Bxh5 Bxb1 10. Rxb1 g6 11. Be2 cxd4 12. cxd4 Rxh4 13. Rxh4 Qxh4 14. Bb5 Nge7 15. Kf1 0-0-0 16. Be3 Bh6 17. Bxh6 Qxh6 18. b4 Kb8 19. Bxc6 Nxc6 20. b5 Na5 21. Qc1 Qf8 22. Qc3 Nc4 23. Qb4 Qh6 24. Rd1 Qh4 25. a4 Nxe5 26. a5 Nc4 27. a6 Qf4 28. Qe7 Qc7 29. Qf6 Rc8 30. axb7 Qxb7 31. Kg1 Ka8 32. Ra1 Nd6 33. Rb1 Nxb5 34. Nf1 Qd7 35. Ne3 Nc3 36. Ra1 Ne4 37. Qg7 Qc7 38. Rb1 Qf4 39. Nd1 Qf6 40. Qh6 Qxd4 41. Qf4 f5 42. Qh4 Qg7 43. Qf4 g5 44. Qe3 Qc7 45. Qd4 g4 46. Ra1 g3 0-1

[Event "Kavala op 22nd"]
[Site "Kavala"]
[Date "2013.08.11"]
[Round "7"]
[White "Ioannidis, Evgenios"]
[Black "Fakhiridou, Ekaterini"]
[Result "1/2-1/2"]
[WhiteElo "2024"]
[BlackElo "2193"]
[PlyCount "111"]
[EventDate "2013.08.06"]
[EventType "swiss"]
[EventRounds "9"]
[EventCountry "GRE"]
[SourceTitle "CBM 155 Extra"]
[Source "ChessBase"]
[SourceDate "2013.08.26"]
[SourceVersion "1"]
[SourceVersionDate "2013.08.26"]
[SourceQuality "1"]

1. d4 e6 2. c4 f5 3. g3 Nf6 4. Bg2 Be7 5. Nf3 0-0 6. 0-0 d5 7. b3 c6 8. Bb2 Ne4 9. Nbd2 Bd7 10. Ne5 Be8 11. e3 Nd7 12. Nd3 Bh5 13. Qxh5 Nxd2 14. Rfd1 Ne4 15. Nf4 Rf6 16. Qe2 g5 17. Nd3 Qe8 18. f3 Nd6 19. Ne5 Rh6 20. Nxd7 Qxd7 21. e4 Rf8 22. exd5 exd5 23. Re1 Bf6 24. c5 Nb5 25. Qd3 Qf7 26. Re2 f4 27. g4 Re8 28. Rae1 Rxe2 29. Rxe2 Bg7 30. a4 Nc7 31. Qf5 Re6 32. Kf2 Rxe2+ 33. Kxe2 Ne6 34. Kd3 Qxf5+ 35. gxf5 Nxc5+ 36. dxc5 Bxb2 37. f6 Bxf6 38. Bh3 Be7 39. Bc8 Bxc5 40. Bxb7 Bg1 41. h3 Kf7 42. Bxc6 Ke6 43. Be8 a5 44. Kc3 Bf2 45. Kd3 Kd6 46. Kc3 Kc5 47. Bf7 Bd4+ 48. Kd3 Bf6 49. Bg8 h6 50. Be6 Kd6 51. Bf7 Ke5 52. Bh5 Be7 53. Be8 Bc5 54. Bh5 Kf6 55. Bg4 Kg6 56. Be6 1/2-1/2

[Event "Kavala op 22nd"]
[Site "Kavala"]
[Date "2013.08.10"]
[Round "6"]
[White "Fakhiridou, Ekaterini"]
[Black "Ankit, R Rajpara"]
[Result "0-1"]
[WhiteElo "2193"]
[BlackElo "2439"]
[PlyCount "126"]
[EventDate "2013.08.06"]
[EventType "swiss"]
[EventRounds "9"]
[EventCountry "GRE"]
[SourceTitle "CBM 155 Extra"]
[Source "ChessBase"]
[SourceDate "2013.08.26"]
[SourceVersion "1"]
[SourceVersionDate "2013.08.26"]
[SourceQuality "1"]

1. e4 c6 2. d4 d5 3. e5 Bf5 4. Ne2 e6 5. Ng3 Bg6 6. h4 h5 7. Be2 c5 8. c3 Nc6 9. Bxh5 Bxh5 10. Nxh5 g6 11. Ng3 Rxh4 12. Rxh4 Qxh4 13. Nd2 Qd8 14. Nf3 Qb6 15. Ne2 0-0-0 16. Qb3 Qa6 17. Be3 Bh6 18. Ng5 Rd7 19. Qc2 cxd4 20. cxd4 Bxg5 21. Bxg5 Rc7 22. Qd2 Nge7 23. b3 Qb6 24. g4 Nb4 25. Rc1 Rxc1+ 26. Qxc1+ Nec6 27. Kf1 Nxa2 28. Qe3 Nab4 29. Qh3 Nd8 30. Be7 Nbc6 31. Qc3 Qb5 32. Bd6 a5 33. Ke1 b6 34. f4 Kb7 35. Qc2 Qa6 36. Kf2 Qa8 37. f5 gxf5 38. gxf5 exf5 39. Qxf5 Qc8 40. Qf3 Qe6 41. Ke3 Qh6+ 42. Kd3 Qe6 43. Ke3 Ka7 44. Nc3 Qh6+ 45. Kd3 Qg6+ 46. Ke3 Qg1+ 47. Kd3 Nxd4 48. Qxd5 N8e6 49. Qc4 Qg3+ 50. Kd2 Qg2+ 51. Kd3 b5 52. Qc8 Qf3+ 53. Kd2 Nxb3+ 54. Ke1 Qe3+ 55. Ne2 Qb6 56. Qc3 a4 57. Qf3 Qb7 58. Qh5 Ka6 59. Qh4 Na5 60. Nc3 Nc4 61. Na2 Qg2 62. Nb4+ Kb6 63. Qh6 Qe4+ 0-1

[Event "GRE-ch (Women) 35th"]
[Site "Athens"]
[Date "2012.12.02"]
[Round "9"]
[White "Ikonomopoulou, Maria"]
[Black "Fakhiridou, Ekaterini"]
[Result "1/2-1/2"]
[WhiteElo "2108"]
[BlackElo "2178"]
[PlyCount "62"]
[EventDate "2012.11.24"]
[EventType "tourn"]
[EventRounds "9"]
[EventCountry "GRE"]
[SourceTitle "CBM 151 Extra"]
[Source "ChessBase"]
[SourceDate "2012.12.18"]
[SourceVersion "1"]
[SourceVersionDate "2012.12.18"]
[SourceQuality "1"]

1. e4 c5 2. Nf3 e6 3. Nc3 Nc6 4. Bb5 Nge7 5. 0-0 Nd4 6. Nxd4 cxd4 7. Ne2 g6 8. c3 Qb6 9. a4 a6 10. Bd3 Nc6 11. a5 Qa7 12. cxd4 Nxd4 13. Nxd4 Qxd4 14. Qc2 Qc5 15. Qb1 Bg7 16. b4 Qe7 17. Bb2 Bxb2 18. Qxb2 0-0 19. f4 d5 20. exd5 Rd8 21. Rae1 Rxd5 22. Bc4 Rh5 23. Re3 Bd7 24. Be2 Rf5 25. Bd3 Rh5 26. Be2 Rf5 27. Bd3 Rh5 28. Be2 Rd5 29. Bc4 Rh5 30. d3 Bb5 31. f5 Bd7 1/2-1/2

[Event "Olympiad Women-40"]
[Site "Istanbul"]
[Date "2012.09.04"]
[Round "7.3"]
[White "Calzetta Ruiz, Monica"]
[Black "Fakhiridou, Ekaterini"]
[Result "1-0"]
[WhiteElo "2276"]
[BlackElo "2215"]
[PlyCount "135"]
[EventDate "2012.08.28"]
[EventType "team-swiss"]
[EventRounds "11"]
[EventCountry "TUR"]
[SourceTitle "CBM 150 Extra"]
[Source "ChessBase"]
[SourceDate "2012.10.19"]
[SourceVersion "1"]
[SourceVersionDate "2012.10.19"]
[SourceQuality "1"]
[WhiteTeam "Spain (W)"]
[BlackTeam "Greece (W)"]
[WhiteTeamCountry "ESP"]
[BlackTeamCountry "GRE"]

1. e4 c5 2. Nf3 d6 3. d4 cxd4 4. Nxd4 Nf6 5. Nc3 a6 6. Be2 e5 7. Nb3 Be7 8. 0-0 0-0 9. f4 exf4 10. Bxf4 Nc6 11. Kh1 Be6 12. Qe1 Ne5 13. Rd1 Qc7 14. Qg3 Kh8 15. Nd4 Rac8 16. Bc1 b5 17. a3 Qb7 18. Rfe1 Rc5 19. Nf5 Bxf5 20. exf5 Rfc8 21. Be3 Rxc3 22. bxc3 Ne4 23. Qh3 Nxc3 24. Rd4 Bf6 25. Rxd6 Qe7 26. Rxa6 Nxe2 27. Rxe2 Nc4 28. Qf3 b4 29. Bg1 Ne5 30. Ra8 Qc7 31. Rxc8+ Qxc8 32. Qb3 bxa3 33. Qxa3 h6 34. h3 Kh7 35. Qa4 Qb7 36. Qe4 Qb5 37. Bd4 Nd7 38. Bxf6 Nxf6 39. Qd3 Qb1+ 40. Kh2 Qb8+ 41. Qg3 Qb5 42. Re7 Qc4 43. c3 h5 44. Rc7 Qd5 45. Qf4 Kg8 46. Rc8+ Kh7 47. c4 Qd3 48. Qb8 Kh6 49. Rh8+ Kg5 50. Qg3+ Qxg3+ 51. Kxg3 Kxf5 52. Kf3 g5 53. Rxh5 Nd7 54. g4+ Kg6 55. Ke3 f5 56. Rh8 fxg4 57. hxg4 Ne5 58. Rg8+ Kf6 59. c5 Nxg4+ 60. Kd4 Nh6 61. Re8 g4 62. c6 Nf5+ 63. Kc5 g3 64. c7 g2 65. Re1 Ne7 66. Rg1 Ke6 67. Rxg2 Kd7 68. Rg7 1-0

[Event "Braila Albulet Memorial (Women) 5th"]
[Site "Braila"]
[Date "2012.07.21"]
[Round "10"]
[White "Erdos, Boglarka"]
[Black "Fakhiridou, Ekaterini"]
[Result "1/2-1/2"]
[WhiteElo "2175"]
[BlackElo "2196"]
[PlyCount "89"]
[EventDate "2012.07.14"]
[EventType "tourn"]
[EventRounds "10"]
[EventCountry "ROU"]
[SourceTitle "CBM 149 Extra"]
[Source "ChessBase"]
[SourceDate "2012.08.24"]
[SourceVersion "1"]
[SourceVersionDate "2012.08.24"]
[SourceQuality "1"]

1. d4 e6 2. Nf3 f5 3. g3 Nf6 4. Bg2 d5 5. 0-0 Bd6 6. c4 c6 7. Qc2 Nbd7 8. Nbd2 0-0 9. a3 Ne4 10. b4 Qe8 11. Rb1 Kh8 12. a4 Ndf6 13. b5 Bd7 14. Ne5 cxb5 15. Nxd7 Qxd7 16. c5 Rac8 17. axb5 Qf7 18. Qd3 Bb8 19. Nf3 Nh5 20. Ba3 Rg8 21. Rbc1 Qf6 22. Rc2 Ng5 23. Rfc1 Nxf3+ 24. Qxf3 Qf7 25. c6 Nf6 26. Bb4 Ne8 27. Qa3 b6 28. Be7 g5 29. Rc3 Rg7 30. Bb4 Qf6 31. Rd3 Rf7 32. Qa6 Rd8 33. Bd2 Nd6 34. Bb4 Ne8 35. Bd2 Nd6 36. Qa4 f4 37. Be1 Kg8 38. Qb3 Ne4 39. Qb2 Nd6 40. Rf3 Ne4 41. Ra3 Nd6 42. Rd3 Bc7 43. Ra1 Bb8 44. Rc1 Bc7 45. Ra1 1/2-1/2

[Event "Braila Albulet Memorial (Women) 5th"]
[Site "Braila"]
[Date "2012.07.18"]
[Round "6"]
[White "Cosma, Elena Luminita"]
[Black "Fakhiridou, Ekaterini"]
[Result "1-0"]
[WhiteElo "2343"]
[BlackElo "2196"]
[PlyCount "87"]
[EventDate "2012.07.14"]
[EventType "tourn"]
[EventRounds "10"]
[EventCountry "ROU"]
[SourceTitle "CBM 149 Extra"]
[Source "ChessBase"]
[SourceDate "2012.08.24"]
[SourceVersion "1"]
[SourceVersionDate "2012.08.24"]
[SourceQuality "1"]

1. d4 e6 2. Nf3 f5 3. g3 Nf6 4. Bg2 d5 5. 0-0 Bd6 6. c4 c6 7. Qc2 0-0 8. Ne5 Nbd7 9. Nd3 Qe8 10. Nd2 Ne4 11. Nf3 b6 12. Bf4 Be7 13. cxd5 cxd5 14. Qc6 Ba6 15. Qxe6+ Kh8 16. Qxd5 Ndf6 17. Qxf5 Rd8 18. Qe6 Bc8 19. Qb3 Qh5 20. Rac1 Nd5 21. Be5 Bh3 22. Nf4 Nxf4 23. Bxf4 Bd6 24. Bxd6 Rxd6 25. Qd3 Re8 26. Nh4 Ng5 27. Rfe1 Bxg2 28. Kxg2 Rf8 29. f3 Ne6 30. e3 Qf7 31. f4 g5 32. Nf3 Qh5 33. d5 g4 34. Nh4 Rxd5 35. Qc3+ Ng7 36. e4 Rc5 37. Qd4 Rxc1 38. Rxc1 Qb5 39. Rc2 Qa6 40. Nf5 Rg8 41. Nxg7 Rxg7 42. Qd8+ Rg8 43. Qf6+ Rg7 44. Rd2 1-0

[Event "Plovdiv Tringov Memorial 34th"]
[Site "Plovdiv"]
[Date "2012.02.02"]
[Round "6"]
[White "Indjic, Aleksandar"]
[Black "Fakhiridou, Ekaterini"]
[Result "1-0"]
[WhiteElo "2427"]
[BlackElo "2221"]
[PlyCount "59"]
[EventDate "2012.01.29"]
[EventType "swiss"]
[EventRounds "9"]
[EventCountry "BUL"]
[SourceTitle "CBM 146 Extra"]
[Source "ChessBase"]
[SourceDate "2012.02.29"]
[SourceVersion "1"]
[SourceVersionDate "2012.02.29"]
[SourceQuality "1"]

1. d4 g6 2. c4 Bg7 3. Nc3 d6 4. e4 Nc6 5. Be3 e5 6. d5 Nce7 7. g4 f5 8. gxf5 gxf5 9. Qh5+ Kf8 10. exf5 Nf6 11. Qe2 Nxf5 12. Nf3 a6 13. h4 Qe8 14. Bh3 Rg8 15. Ng5 h6 16. Ne6+ Bxe6 17. dxe6 Nxe3 18. fxe3 c6 19. 0-0-0 Ke7 20. Rhf1 b5 21. Qd3 Rd8 22. Ne4 bxc4 23. Qxc4 Qh5 24. Qxa6 Qxh4 25. Rxf6 Qxe4 26. Qb7+ Kxf6 27. Qf7+ Kg5 28. Rg1+ Kh4 29. Qf2+ Kh5 30. Qe2+ 1-0

[Event "Plovdiv Tringov Memorial 34th"]
[Site "Plovdiv"]
[Date "2012.01.31"]
[Round "4"]
[White "Smith, Bryan G"]
[Black "Fakhiridou, Ekaterini"]
[Result "1-0"]
[WhiteElo "2460"]
[BlackElo "2221"]
[PlyCount "75"]
[EventDate "2012.01.29"]
[EventType "swiss"]
[EventRounds "9"]
[EventCountry "BUL"]
[SourceTitle "CBM 146 Extra"]
[Source "ChessBase"]
[SourceDate "2012.02.29"]
[SourceVersion "1"]
[SourceVersionDate "2012.02.29"]
[SourceQuality "1"]

1. e4 c5 2. Nc3 d6 3. Nge2 Nf6 4. d4 cxd4 5. Nxd4 Nc6 6. Bg5 e6 7. Qd2 Be7 8. 0-0-0 a6 9. f4 0-0 10. Be2 Nxd4 11. Qxd4 Ne8 12. Bxe7 Qxe7 13. Qb6 f5 14. exf5 Rxf5 15. g3 Rc5 16. Rhe1 Qf8 17. Ne4 Rc6 18. Qb3 d5 19. Ng5 Nf6 20. Bd3 Qc5 21. c3 h6 22. Nf3 Rb6 23. Qc2 Bd7 24. Ne5 Be8 25. g4 Qa5 26. g5 hxg5 27. fxg5 Ne4 28. Bxe4 dxe4 29. Nc4 Qxg5+ 30. Kb1 Rc6 31. Rg1 Qh5 32. Qg2 Qh7 33. Ne5 Rc7 34. Rd4 Bb5 35. c4 Be8 36. Ka1 Bh5 37. Qg5 Rf8 38. Nd7 1-0

[Event "WchT (Women) 3rd"]
[Site "Mardin"]
[Date "2011.12.27"]
[Round "9"]
[White "Fakhiridou, Ekaterini"]
[Black "Bouah, Denise"]
[Result "1-0"]
[WhiteElo "2180"]
[BlackElo "1916"]
[PlyCount "51"]
[EventDate "2011.12.18"]
[EventType "team-tourn"]
[EventRounds "9"]
[EventCountry "TUR"]
[SourceTitle "CBM 145 Extra"]
[Source "ChessBase"]
[SourceDate "2012.01.03"]
[SourceVersion "1"]
[SourceVersionDate "2012.01.03"]
[SourceQuality "1"]
[WhiteTeam "Greece (W)"]
[BlackTeam "South Africa (W)"]
[WhiteTeamCountry "GRE"]
[BlackTeamCountry "RSA"]

1. e4 c5 2. b3 b6 3. Bb2 Bb7 4. Nc3 Nc6 5. f4 d6 6. Nf3 e6 7. Bb5 a6 8. Bxc6+ Bxc6 9. d4 cxd4 10. Nxd4 Bb7 11. Qe2 Nf6 12. 0-0-0 b5 13. e5 Nd5 14. Nxd5 Bxd5 15. Kb1 Be7 16. Nf5 0-0 17. exd6 Bf6 18. Ne7+ Kh8 19. Bxf6 gxf6 20. Nxd5 exd5 21. Rxd5 Re8 22. Qd3 Kg7 23. d7 Re7 24. Rd1 Ra7 25. f5 Rc7 26. Qg3+ 1-0

[Event "WchT (Women) 3rd"]
[Site "Mardin"]
[Date "2011.12.18"]
[Round "1"]
[White "Fakhiridou, Ekaterini"]
[Black "Galojan, Lilit"]
[Result "0-1"]
[WhiteElo "2180"]
[BlackElo "2383"]
[PlyCount "60"]
[EventDate "2011.12.18"]
[EventType "team-tourn"]
[EventRounds "9"]
[EventCountry "TUR"]
[SourceTitle "CBM 145 Extra"]
[Source "ChessBase"]
[SourceDate "2012.01.03"]
[SourceVersion "1"]
[SourceVersionDate "2012.01.03"]
[SourceQuality "1"]
[WhiteTeam "Greece (W)"]
[BlackTeam "Armenia (W)"]
[WhiteTeamCountry "GRE"]
[BlackTeamCountry "ARM"]

1. e4 c5 2. Nf3 e6 3. d4 cxd4 4. Nxd4 Nc6 5. Nc3 Qc7 6. Be3 a6 7. f4 b5 8. Bd3 Bb7 9. Nb3 d6 10. a4 b4 11. Nb1 Nf6 12. N1d2 d5 13. e5 d4 14. Bf2 Nd5 15. Qg4 h5 16. Qf3 g5 17. Nxd4 gxf4 18. Nxc6 Bxc6 19. Qe2 f3 20. Qxf3 Qxe5+ 21. Ne4 f5 22. Bg3 fxe4 23. Bxe5 exf3 24. Bxh8 fxg2 25. Rg1 Nf4 26. 0-0-0 Bc5 27. Rge1 Bf3 28. Be5 Bxd1 29. Bxf4 Bf3 30. Rxe6+ Kd7 0-1

[Event "GRE-ch (Women) 34th"]
[Site "Athens"]
[Date "2011.12.04"]
[Round "9"]
[White "Iordanidou, Zoi"]
[Black "Fakhiridou, Ekaterini"]
[Result "1/2-1/2"]
[WhiteElo "2169"]
[BlackElo "2180"]
[PlyCount "65"]
[EventDate "2011.11.26"]
[EventType "tourn"]
[EventRounds "9"]
[EventCountry "GRE"]
[SourceTitle "CBM 145 Extra"]
[Source "ChessBase"]
[SourceDate "2012.01.03"]
[SourceVersion "1"]
[SourceVersionDate "2012.01.03"]
[SourceQuality "1"]

1. e4 c5 2. Nf3 Nc6 3. d3 g6 4. g3 Bg7 5. Bg2 d6 6. 0-0 e6 7. c3 Nge7 8. Nh4 0-0 9. f4 f5 10. Na3 b6 11. Re1 Qd7 12. Be3 Bb7 13. Nc2 Rad8 14. exf5 gxf5 15. d4 cxd4 16. Nxd4 Nxd4 17. Bxd4 Bxg2 18. Nxg2 e5 19. fxe5 dxe5 20. Qb3+ Kh8 21. Bxe5 Bxe5 22. Rxe5 Ng6 23. Ree1 f4 24. Rad1 Qg4 25. Rxd8 Rxd8 26. Qf7 Rf8 27. Re8 Qd1+ 28. Kf2 Qd2+ 29. Kf1 Qd3+ 30. Kf2 Qc2+ 31. Kf1 Qd3+ 32. Kf2 Qc2+ 33. Kf1 1/2-1/2

[Event "GRE-ch (Women) 34th"]
[Site "Athens"]
[Date "2011.11.30"]
[Round "5"]
[White "Fakhiridou, Ekaterini"]
[Black "Stefanidi, Maria Anna"]
[Result "1-0"]
[WhiteElo "2180"]
[BlackElo "2073"]
[PlyCount "117"]
[EventDate "2011.11.26"]
[EventType "tourn"]
[EventRounds "9"]
[EventCountry "GRE"]
[SourceTitle "CBM 145 Extra"]
[Source "ChessBase"]
[SourceDate "2012.01.03"]
[SourceVersion "1"]
[SourceVersionDate "2012.01.03"]
[SourceQuality "1"]

1. e4 c5 2. Nf3 d6 3. c3 Nf6 4. Be2 Nc6 5. d3 e6 6. 0-0 Be7 7. Re1 0-0 8. Bf1 b5 9. d4 Rb8 10. Bf4 Nh5 11. Be3 Nf6 12. Nbd2 Ng4 13. Bf4 e5 14. Bg3 h5 15. dxe5 dxe5 16. Nb3 Qc7 17. h3 Nh6 18. Bh4 Be6 19. Ng5 Bxb3 20. Qxb3 c4 21. Qd1 g6 22. Qf3 Rbd8 23. Qe3 Kg7 24. b3 Na5 25. b4 Nc6 26. a4 a6 27. axb5 axb5 28. Ra6 Rd6 29. Nf3 f6 30. Bg3 Nf7 31. Rea1 Rb8 32. Ne1 Ncd8 33. Ra7 Rb7 34. Rxb7 Nxb7 35. Nc2 Qb6 36. Qe1 Ng5 37. h4 Ne6 38. Ne3 Nc7 39. f3 Qc6 40. Bf2 Nd8 41. Ra7 Rd7 42. g3 Nce6 43. Ra2 Nc7 44. Bh3 Nde6 45. Ra7 Kf7 46. Qc1 Bf8 47. Qa1 Bh6 48. Nd5 f5 49. exf5 gxf5 50. Nxc7 Be3 51. Bxe3 Qxf3 52. Nd5 Qxg3+ 53. Bg2 Rxa7 54. Qxa7+ Kg6 55. Bf2 Qg4 56. Qe7 f4 57. Qf6+ Kh7 58. Qxe5 f3 59. Nf6+ 1-0

[Event "GRE-ch (Women) 34th"]
[Site "Athens"]
[Date "2011.11.28"]
[Round "3"]
[White "Fakhiridou, Ekaterini"]
[Black "Makka, Evanthia"]
[Result "1/2-1/2"]
[WhiteElo "2180"]
[BlackElo "2110"]
[PlyCount "109"]
[EventDate "2011.11.26"]
[EventType "tourn"]
[EventRounds "9"]
[EventCountry "GRE"]
[SourceTitle "CBM 145 Extra"]
[Source "ChessBase"]
[SourceDate "2012.01.03"]
[SourceVersion "1"]
[SourceVersionDate "2012.01.03"]
[SourceQuality "1"]

1. e4 e6 2. Nf3 d5 3. Nc3 Nf6 4. e5 Nfd7 5. d4 c5 6. dxc5 Nc6 7. Bf4 Bxc5 8. Bd3 a6 9. 0-0 Qc7 10. Re1 Nf8 11. Bg3 Ng6 12. a3 Be7 13. h4 Qd8 14. h5 Nh4 15. Nxh4 Bxh4 16. Qg4 Bxg3 17. Qxg3 g6 18. Rad1 Qe7 19. b4 b5 20. Ne2 Bb7 21. c3 gxh5 22. Nd4 Kd7 23. f4 Rag8 24. Qf2 Rg7 25. Bf1 Rhg8 26. Re3 h4 27. Rh3 Rg3 28. Rd3 R3g4 29. Nc2 f5 30. Nd4 Nd8 31. Rdf3 Kc8 32. Qc2 Qd7 33. Rf2 Kb8 34. Be2 Rg3 35. Rxh4 R8g7 36. Rh6 Rxg2+ 37. Rxg2 Rxg2+ 38. Kxg2 Qg7+ 39. Kf2 Qxh6 40. Qd2 Qh2+ 41. Ke3 Qg1+ 42. Kd3 Kc7 43. Qe3 Qg6 44. Nf3 Qe8 45. Qc5+ Qc6 46. Qe7+ Qd7 47. Qc5+ Qc6 48. Qe7+ Qd7 49. Qc5+ Kb8 50. Nd4 Qf7 51. Kd2 h5 52. Qd6+ Kc8 53. Qc5+ Kb8 54. Qb6 Kc8 55. Qc5+ 1/2-1/2

[Event "EU-chT (Women) 18th"]
[Site "Porto Carras"]
[Date "2011.11.03"]
[Round "1.4"]
[White "Muzychuk, Mariya"]
[Black "Fakhiridou, Ekaterini"]
[Result "1-0"]
[WhiteElo "2460"]
[BlackElo "2180"]
[PlyCount "111"]
[EventDate "2011.11.03"]
[EventType "team-swiss"]
[EventRounds "9"]
[EventCountry "GRE"]
[SourceTitle "EXT 2012"]
[Source "ChessBase"]
[SourceDate "2011.11.24"]
[SourceVersion "1"]
[SourceVersionDate "2011.11.24"]
[SourceQuality "1"]
[WhiteTeam "Ukraine (W)"]
[BlackTeam "Greece (W)"]
[WhiteTeamCountry "UKR"]
[BlackTeamCountry "GRE"]

1. e4 c5 2. Nf3 d6 3. d4 cxd4 4. Nxd4 Nf6 5. Nc3 a6 6. Be3 e5 7. Nf3 Be7 8. Bc4 0-0 9. 0-0 Be6 10. Bxe6 fxe6 11. Na4 Nfd7 12. Qd3 b5 13. Qb3 bxa4 14. Qb7 Nc6 15. Qxc6 Qc8 16. Qxa4 Rb8 17. Rab1 d5 18. c3 Bc5 19. exd5 exd5 20. Qg4 Rb6 21. Bxc5 Nxc5 22. Qxc8 Rxc8 23. Nxe5 Na4 24. Rfd1 Rb5 25. Nd3 Rcb8 26. Rd2 Nxc3 27. Ra1 Ne4 28. Rc2 Nf6 29. Re1 R5b7 30. f3 h6 31. Re6 Rb6 32. Re7 R6b7 33. Rxb7 Rxb7 34. Rc6 Ra7 35. Kf2 a5 36. Ke3 Re7+ 37. Kd2 Ra7 38. g4 Kf7 39. h4 Ke7 40. Ke3 Ne8 41. Kd4 Nc7 42. Nf4 Kf7 43. Nxd5 Nxd5 44. Kxd5 Rd7+ 45. Ke5 Rb7 46. b3 Rb5+ 47. Kd4 h5 48. g5 Rf5 49. Ke4 Rb5 50. f4 g6 51. Rc7+ Kf8 52. Rd7 Ke8 53. Rd5 Rb4+ 54. Ke5 a4 55. Kf6 axb3 56. axb3 1-0

[Event "Kavala op 20th"]
[Site "Kavala"]
[Date "2011.07.30"]
[Round "1"]
[White "Zubarev, Alexander2222"]
[Black "Fakhiridou, Ekaterini"]
[Result "1-0"]
[WhiteElo "2597"]
[BlackElo "2183"]
[PlyCount "63"]
[EventDate "2011.07.30"]
[EventType "swiss"]
[EventRounds "9"]
[EventCountry "GRE"]
[SourceTitle "CBM 143 Extra"]
[Source "ChessBase"]
[SourceDate "2011.08.29"]
[SourceVersion "1"]
[SourceVersionDate "2011.08.29"]
[SourceQuality "1"]

1. d4 Nf6 2. Nf3 e6 3. g3 d5 4. Bg2 Be7 5. c4 0-0 6. Nbd2 Nbd7 7. 0-0 b6 8. b3 Ba6 9. Re1 c5 10. Bb2 Rc8 11. e4 dxe4 12. Nxe4 Nxe4 13. Rxe4 Bb7 14. Re2 cxd4 15. Nxd4 Bxg2 16. Kxg2 Nf6 17. Qd3 Qd6 18. f4 Rfd8 19. Qf3 Qc5 20. Re5 Qc7 21. Rd1 Ne8 22. Nb5 Qb8 23. Ree1 Bf6 24. Bxf6 Nxf6 25. Nd4 Qc7 26. Nc6 Rxd1 27. Rxd1 g6 28. Ne5 Rd8 29. Rxd8+ Qxd8 30. Qb7 Qf8 31. Qxa7 Ne4 32. Nxf7 1-0

[Event "EU-ch (Women) 12th"]
[Site "Tbilisi"]
[Date "2011.05.18"]
[Round "11"]
[White "Edes, Zsofia"]
[Black "Fakhiridou, Ekaterini"]
[Result "1/2-1/2"]
[WhiteElo "2043"]
[BlackElo "2225"]
[PlyCount "76"]
[EventDate "2011.05.07"]
[EventType "swiss"]
[EventRounds "11"]
[EventCountry "GEO"]
[SourceTitle "CBM 142 Extra"]
[Source "ChessBase"]
[SourceDate "2011.06.27"]
[SourceVersion "1"]
[SourceVersionDate "2011.06.27"]
[SourceQuality "1"]

1. d4 Nf6 2. Bg5 e6 3. Nf3 c5 4. e3 Be7 5. Nbd2 b6 6. Bd3 Bb7 7. c3 cxd4 8. exd4 Nd5 9. Ne4 d6 10. Bb5+ Kf8 11. Bd2 Nd7 12. Bd3 h6 13. c4 Nc7 14. 0-0 Nf6 15. Ng3 h5 16. Re1 h4 17. Ne4 h3 18. g3 Nxe4 19. Bxe4 Bxe4 20. Rxe4 d5 21. cxd5 Qxd5 22. Qe2 Qb7 23. Re1 Rd8 24. Qf1 Qd5 25. Ne5 Nb5 26. Rf4 Bf6 27. Be3 Nd6 28. Bd2 Kg8 29. Bc3 Rh5 30. Ng4 Ne8 31. Rfe4 Qxa2 32. Nxf6+ Nxf6 33. Re5 Rxe5 34. Rxe5 Rd5 35. Qxh3 Rxe5 36. dxe5 Nd5 37. Qh4 g6 38. Kg2 Qb1 1/2-1/2

[Event "EU-ch (Women) 12th"]
[Site "Tbilisi"]
[Date "2011.05.11"]
[Round "5"]
[White "Makka, Ioulia"]
[Black "Fakhiridou, Ekaterini"]
[Result "1-0"]
[WhiteElo "2101"]
[BlackElo "2225"]
[PlyCount "133"]
[EventDate "2011.05.07"]
[EventType "swiss"]
[EventRounds "11"]
[EventCountry "GEO"]
[SourceTitle "CBM 142 Extra"]
[Source "ChessBase"]
[SourceDate "2011.06.27"]
[SourceVersion "1"]
[SourceVersionDate "2011.06.27"]
[SourceQuality "1"]

1. e4 c5 2. Nf3 Nf6 3. Nc3 d5 4. exd5 Nxd5 5. Bb5+ Bd7 6. Bxd7+ Qxd7 7. Nxd5 Qxd5 8. 0-0 Nc6 9. b3 0-0-0 10. d3 f6 11. Be3 e5 12. Nd2 Nd4 13. Bxd4 Qxd4 14. Nc4 Kb8 15. Qe1 Bd6 16. Kh1 Bc7 17. Qe4 g6 18. a4 Rhe8 19. Qxd4 exd4 20. Rae1 Kc8 21. f3 Kd7 22. Nd2 f5 23. Nc4 h5 24. g3 b6 25. Kg2 a6 26. f4 b5 27. Rxe8 Rxe8 28. axb5 axb5 29. Nd2 Ra8 30. Nf3 b4 31. Rf2 Ke6 32. Re2+ Kf6 33. Ng5 Ra6 34. Re8 Rc6 35. Rf8+ Ke7 36. Ra8 Bd8 37. Ra7+ Kf8 38. Ra8 Ke7 39. Nf3 Bc7 40. Ra7 Kf6 41. Kf2 Bd6 42. Rh7 Rc7 43. Rh8 Rc6 44. Ng5 Rc7 45. Rd8 Be7 46. Ra8 Rc6 47. Ra7 Rc8 48. Nf3 Bd6 49. Ra6 Ke7 50. Ng5 h4 51. Ra7+ Rc7 52. Ra8 hxg3+ 53. hxg3 Kf6 54. Ra6 Ke7 55. Nf3 Rc8 56. Nh4 Rg8 57. Ra7+ Ke6 58. Nf3 Be7 59. Ra6+ Kd5 60. Ne5 g5 61. Nc4 gxf4 62. gxf4 Bh4+ 63. Kf1 Be7 64. Rh6 Rb8 65. Kf2 Bf8 66. Nb6+ Rxb6 67. Rxb6 1-0

[Event "EU-ch (Women) 12th"]
[Site "Tbilisi"]
[Date "2011.05.10"]
[Round "4"]
[White "Fakhiridou, Ekaterini"]
[Black "Matveeva, Svetlana"]
[Result "0-1"]
[WhiteElo "2225"]
[BlackElo "2380"]
[PlyCount "74"]
[EventDate "2011.05.07"]
[EventType "swiss"]
[EventRounds "11"]
[EventCountry "GEO"]
[SourceTitle "CBM 142 Extra"]
[Source "ChessBase"]
[SourceDate "2011.06.27"]
[SourceVersion "1"]
[SourceVersionDate "2011.06.27"]
[SourceQuality "1"]

1. e4 g6 2. d4 Bg7 3. Nc3 d6 4. Nf3 a6 5. a4 Bg4 6. Be3 Nc6 7. Be2 e5 8. d5 Nce7 9. 0-0 h6 10. Nd2 Bxe2 11. Qxe2 Nf6 12. Nd1 Nd7 13. a5 0-0 14. c4 c5 15. dxc6 Nxc6 16. Nb3 Nd4 17. Qd3 Nc5 18. Nxc5 dxc5 19. Ra3 Rb8 20. Qd2 Qh4 21. Nc3 Rfd8 22. Nd5 Qxe4 23. Bxd4 cxd4 24. f3 Qh4 25. Rb3 Rd6 26. g3 Qd8 27. Re1 Rc6 28. Qe2 Rc5 29. f4 exf4 30. gxf4 Qxa5 31. f5 Rxc4 32. Ne7+ Kh8 33. fxg6 Rc2 34. Qe4 Qd2 35. Rh3 Re8 36. Rxh6+ Bxh6 37. Qe5+ Bg7 0-1